000 02077nam0a2200337 4500
001 RU\NLR\BIBL_A\011985183
005 20191024155730.0
010 _a978-5-7996-2500-9
_940
021 _aRU
_bКН-П-19-019641
_9КН-П-19-1472
035 _a(NLR Aleph) 011985183
035 _a(RuMoRGB)009924768
090 _a11329179
_c11329179
100 _a20190410d2018 k y0rusy50 ca
101 0 _arus
102 _aRU
105 _aa|||j|||000zy
200 1 _aВысоковольтный наносекундный пробой конденсированных сред
_eучебное пособие для студентов вуза, обучающихся направлению подготовки 11.03.04 - Электроника и наноэлектроника
_fИ. Ф. Пунанов, И. С. Жидков, С. О. Чолах
_gМинистерство науки и высшего образования Российской Федерации, Уральский федеральный университет имени первого Президента России Б. Н. Ельцина, [Физико-технологический институт]
210 _aЕкатеринбург
_cИзд-во Уральского университета
_d2018
215 _a115 с.
_cил., табл.
_d20
320 _aБиблиогр.: с. 112-115 (37 назв.)
606 1 _aДиэлектрики
_xПробой
_jУчебные издания для высших учебных заведений
_2nlr_sh1
_2nlr_sh2
_3RU\NLR\AUTH\6626428
610 0 _aвысоковольтный наносекундный пробой конденсированных диэлектриков
686 1 _aВ379.3я73-1
700 1 _aПунанов
_bИ. Ф.
_gИван Федорович
701 1 _aЖидков
_bИ. С.
_gИван Сергеевич
701 1 _aЧолах
_bС. О.
_gСеиф Османович
942 _cBOOK
980 _aNBR
980 _aNB